000 00704nam a2200181Ia 4500
008 100921s9999 xx 000 0 und d
082 _b39345
_a915 न 02
100 _aगोडबोले अरूण.
245 _aअजिंक्यतारा ते आल्प्स.
260 _bकौशिक प्रकाशन, सातारा.
_c2002
300 _a204
_b---
365 _b150
520 _aप्रवास-स्थल वर्णन.
630 _aअजिंक्यतारा ते आल्प्स.
650 _aप्रवास-स्थल वर्णन.
730 _aअजिंक्यतारा ते आल्प्स.
942 _cBOOK
999 _c788458
_d788455